000 00927nam2a22002291 4500
001 rc\477602
005 20250621165557.0
035 _a(NLR Aleph) 005816948
090 _a5440211
_c5440211
100 _a20030616d1988 |||y0rusy50 ca
101 0 _arus
102 _aRU
105 _aa |||||||||
200 1 _aПроцесс производства капитала
210 _d1988
_aБ. м.
215 _aXVIII, 891 с.
_cфакс., портр.
461 0 _1001rc\477601
_12001#$aКапитал$eКритика полит. экономии$e[Перевод]$vТ. 1. Кн. 1
_1700#1$aМаркс$bК.$gКарл$f1818-1883
_95440204
_aМаркс, К. (1818-1883)
_cМ.
_d1988-
_nПолитиздат
_oКритика полит. экономии : [Перевод]
_tКапитал
_y5250009689
_vТ. 1. Кн. 1
801 0 _aRU
_bNLR
_gpsbo
801 1 _aRU
_bELAR
_2rusmarc
852 _aNLR
_jМЭ 1-67/1-38
942 _cBOOK
980 _aNB